=LDR 00000nam 2200000 4500 =001 NUTBA000000000000668 =005 20140327150546.0 =006 =007 =008 =035 ##$$a 0010-031400000000667 =082 ##$$a 371.2 =090 ##$$a 371.2 Man m =100 ##$$a TIM Dosen FKIP =245 ##$$a Manajemen Pendidikan $b Pedoman Bagi Kepala Sekolah dan Guru =260 ##$$a Surakarta $b Muhamadiyyah University Pers $c 2004 =300 ##$$a v, 188 hlm $c 21 cm =850 ##$$a NBPNMAT =990 ##$$a 91931/BPAP-NTB/2014